000 00442nam a2200181Ia 4500
008 170918s9999 xx 000 0 und d
020 _a9780753718155
050 _bB787 2008
100 _aBowman, Peter
245 _aFavourite nursery rhymes /
245 _cby Peter Bowman.
260 _aLondon :
260 _bChancellor Press,
260 _c2008
300 _a96 pages :
300 _bcolored illustrations ;
300 _c27cm.
999 _c343978
_d343978